Estadísticas para Shakira - Me Enamoré Letra (Lyrics)

Haz click aquí para intentar la prueba.

Estadísticas generales

  • Esta prueba ha sido intentada 176 veces
  • La puntuación promedio es 52 de 114

Estadísticas de respuestas

Letra% Correcto
me
100%
en
99%
enamoré
97%
a
95%
que, qué
93%
la
92%
y
92%
mi, mí
90%
vi
88%
lo
86%
es
82%
no
82%
te
81%
un
81%
con
75%
solito
75%
si
73%
mira
72%
yo
72%
pa'
70%
lancé
69%
gusta
65%
conocí
62%
esa
62%
noche
61%
dos
60%
más
60%
barbita
59%
boca
58%
cosa
58%
mojito
58%
vida
58%
bonitos
56%
está
56%
ojitos
56%
por
55%
bonita
54%
el
54%
hacer
52%
le
52%
redondita
52%
empezó
50%
mojitos
50%
par
50%
así
49%
49%
cambiar
48%
pelo
48%
cansé
47%
otro
47%
bailé
45%
hasta
45%
quedo
45%
voy
45%
hijos
44%
niño
44%
medio
43%
contigo
42%
diez
42%
empecemos
42%
nos
42%
pero
42%
quieres
42%
ratito
42%
enamoramos
41%
practicar
41%
tendría
40%
toda
39%
perder
38%
rayas
38%
tenía
38%
digo
36%
este, éste
36%
poco
36%
creí
35%
de
35%
buscando
34%
estaba
33%
solamente
33%
todavía
33%
pensé
32%
sostén
32%
va
31%
recomendando
30%
estoy
28%
siguió
28%
único
28%
nadie
27%
doctor
26%
nunca
25%
soñando
25%
andaba
24%
diciendo
23%
fuera
23%
una
23%
Vayámonos
23%
cómo
22%
conociendo
22%
pensando
22%
cielo
21%
mis
18%
pasando,
18%
proponiendo
16%
quejando
16%
fijarías
15%
estamos
12%
pateando
12%
bien
11%
todo
11%
pal
10%
vamos
8%
hoy
7%
resultando
5%
entusiasmando
3%

Distribución de puntuación

Porcentaje por número respondido

Porcentaje de gente con cada puntuación

Historial de tus puntuaciones

No has intentado esta prueba.